Ingeniería Termodinámica

Bibliographic Details
Main Authors: Jones, J.B, Dugan, R.
Format: Section = Libro
Language:Undetermined
Spanish
Published: México Prentice Hall 1997
Subjects:
LEADER 00593nam a2200217Ia 4500
008 241007s9999||||xx |||||||||||||| ||und||
020 |a 968-880-845-8 
040 |a BIBLIOTECA-RURC/ 621.4021 J79 
041 |a spa 
082 |a 621.4021 J79 
100 1 |a Jones, J.B 
100 1 |b Dugan, R. 
245 1 0 |a Ingeniería Termodinámica 
260 |a México  |b Prentice Hall  |c 1997 
300 |a 1000 p. :il. 
650 7 |a INTRODUCCIÓN A LA TERMODINAMICA 
650 7 |b  PRIMERA LEY DE LA TERMODINAMICA 
650 7 |c  SEGUNDA LEY DE LA TERMODINAMICA 
942 |c BK  |2 ddc 
991 |a TEXTO 
999 |c 14459